Arizona quiz - Statistics

General Stats
  • This quiz has been taken 22 times
  • The average score is 5 of 10
Answer Stats
Hint Answer % Correct
capital Phoenix
100%
biggest city Phoenix
100%
abbreviation AZ
94%
biggest county Maricopa
65%
State nickname The Grand canyon state
53%
Highest point Humphreys peak
41%
motto Ditat deus
29%
state flower Saguaro blossom
24%
lowest point Colorado river
18%
colours on flag Red yellow blue
12%
No matching quizzes found
Score Distribution
Percent of People with Each Score
Percentile by Number Answered
Your Score History
You have not taken this quiz